000 00454nam a22001817a 4500
003 MPLRDC
005 20220104163038.0
008 210129b ||||| |||| 00| 0 eng d
020 _a0-89109-690-6
082 _a415.271 FRA
100 _aANNE E. FRAHM WIGH DAVID J. FRANHM
245 _aCANCER BATTLE PLAN
_c
250 _a第一版
260 _a
_bTHE NAVIGATORS SINGAPORE
_c1993
300 _b
650 _a癌症
942 _cBK
_o415.271 FRA
999 _c56266
_d56256